Comparative studies on the effect of silane coupling agent on the mechanical properties of talc-filled styrene butadiene rubber and natural rubber (Record no. 55953)
[ view plain ]
| 000 -LEADER | |
|---|---|
| fixed length control field | 01602nam a2200205Ia 4500 |
| 100 ## - MAIN ENTRY--AUTHOR NAME | |
| Personal name | Alkadasi Nabil A N |
| 245 #0 - TITLE STATEMENT | |
| Title | Comparative studies on the effect of silane coupling agent on the mechanical properties of talc-filled styrene butadiene rubber and natural rubber |
| 260 ## - PUBLICATION, DISTRIBUTION, ETC. (IMPRINT) | |
| Name of publisher | Journal of Rubber Research |
| Year of publication | 2005 |
| 300 ## - PHYSICAL DESCRIPTION | |
| Number of Pages | 67-78 |
| 520 ## - SUMMARY, ETC. | |
| Summary, etc | Coupling agent is often used in order to improve adhesion between the polymer binder and inorganic substrate. The use of such agents generally results in an improvement in properties. Most of the previous work involving the study of coupling agents on inorganic surfaces has been conducted with silanes on styrene butadiene rubber and natural rubber as comparative studies. The talc was treated with a silane coupling agent (Si-69). The treatment resulted in enhancement of mechanical properties of composites of the said rubbers. In this study, properties of composites filled with treated and untreated talc (separately) are compared. The properties under consideration were tensile strength, modulus at 100;and 400;, Youngs modulus, hardness, etc. Tensile strength improved by 92;and 204;, while modulus at 400;improved by 500;, 378;and elongation at break improved by 233;. Similarly Youngs modulus improved by 34;and 214;for untreated and treated styrene butadiene and natural rubber. |
| 650 ## - SUBJECT ADDED ENTRY--TOPICAL TERM | |
| Topical Term | Composites |
| 650 ## - SUBJECT ADDED ENTRY--TOPICAL TERM | |
| Topical Term | Coupling agent |
| 650 ## - SUBJECT ADDED ENTRY--TOPICAL TERM | |
| Topical Term | Mechanical properties |
| 650 ## - SUBJECT ADDED ENTRY--TOPICAL TERM | |
| Topical Term | NR |
| 650 ## - SUBJECT ADDED ENTRY--TOPICAL TERM | |
| Topical Term | Silane |
| 650 ## - SUBJECT ADDED ENTRY--TOPICAL TERM | |
| Topical Term | Styrene butadiene rubber |
| 650 ## - SUBJECT ADDED ENTRY--TOPICAL TERM | |
| Topical Term | Talc |
| 942 ## - ADDED ENTRY ELEMENTS (KOHA) | |
| Koha item type | Journals |
| Withdrawn status | Lost status | Damaged status | Not for loan | Home library | Current library | Shelving location | Date acquired | Serial Enumeration / chronology | Koha item type |
|---|---|---|---|---|---|---|---|---|---|
| Journals | RRII Library | RRII Library | Rubber chemistry | 17/12/2021 | Volume 8, Issue 2 | Journals |